000 00657nam a22002297a 4500
005 20170124110255.0
010 _a884113
020 _c4.15
035 _a884113
037 _bCen Lib/ Ret
040 _aDPL
_bEN
082 _aN
_bDOD
100 _aDodd, E. F.
_9111777
245 _aThe clipper of the clouds /
_cby E. F. Dodd [and] Jules Verne
260 _aMadras
_bThe Macmillan Company of India Ltd
_c1976
270 _aThe Macmillan Company of India Ltd
_bMadras
_e600002
300 _a117p.
_c19cm(Hb)
650 _aLiterature fiction
_9111778
650 _aEnglish Novel
_914422
700 _aVerne, Jules
_926962
942 _2ddc
_cEN
_hN
_mDOD
999 _c136146
_d136146